Państwa w Mozaice Penrose'a na Mapie Świata - Statystyki

Ogólne statystyki
  • Ten quiz został rozwiązany 3 202 razy
  • Średni wynik to 163 z 181
Odpowiedzi na mapie
Odpowiedzi zakodowano w zielono-czerwonej skali na mapie do tego quizu, zgodnie z poniższymi procentami.
 
Statystyki odpowiedzi
Państwa % Poprawnych
Austria | Bułgaria | Chorwacja | Czechy | Niemcy | Węgry | Mołdawia | Polska | Rumunia | Rosja | Serbia | Słowacja | Turcja | Ukraina
100%
Białoruś | Dania | Estonia | Finlandia | Niemcy | Łotwa | Litwa | Norwegia | Polska | Rosja | Szwecja | Ukraina
100%
Armenia | Azerbejdżan | Gruzja | Kazachstan | Rosja | Turcja | Turkmenistan | Ukraina | Uzbekistan
99%
Bahamy | Kuba | Dominikana | Haiti | Jamajka | Stany Zjednoczone
99%
Bahamy | Meksyk | Stany Zjednoczone
99%
Belize | Kuba | Salwador | Gwatemala | Honduras | Meksyk | Nikaragua | Stany Zjednoczone
99%
Białoruś | Finlandia | Rosja | Turcja | Ukraina
99%
Chiny | Japonia | Rosja
99%
Chiny | Kazachstan | Kirgistan | Rosja
99%
Chiny | Kazachstan | Kirgistan | Rosja | Tadżykistan | Turkmenistan | Uzbekistan
99%
Chiny | Mongolia | Korea Północna | Rosja
99%
Chiny | Mongolia | Rosja
99%
Finlandia | Norwegia | Rosja | Szwecja
99%
Finlandia | Rosja
99%
Kanada | Stany Zjednoczone
99%
Kazachstan | Mongolia | Rosja
99%
Kazachstan | Rosja
99%
Meksyk | Stany Zjednoczone
99%
Rosja
99%
Afganistan | Armenia | Azerbejdżan | Chiny | Iran | Kazachstan | Kirgistan | Tadżykistan | Turcja | Turkmenistan | Uzbekistan
98%
Afganistan | Chiny | Indie | Iran | Nepal | Pakistan | Tadżykistan | Turkmenistan
98%
Albania | Algieria | Andora | Austria | Bośnia i Hercegowina | Chorwacja | Czechy | Francja | Niemcy | Węgry | Włochy | Kosowo | Malta | Monako | Czarnogóra | Macedonia Północna | San Marino | Serbia | Słowenia | Hiszpania | Szwajcaria | Tunezja | Watykan
98%
Argentyna | Boliwia | Brazylia | Chile | Paragwaj
98%
Argentyna | Brazylia | Paragwaj | Urugwaj
98%
Bangladesz | Bhutan | Kambodża | Chiny | Indie | Laos | Mjanma | Nepal | Tajlandia | Wietnam
98%
Bhutan | Chiny | Indie | Mjanma
98%
Boliwia | Brazylia | Ekwador | Peru
98%
Brazylia | Francja | Gujana | Surinam
98%
Brazylia | Kolumbia | Ekwador | Peru
98%
Brazylia | Kolumbia | Grenada | Gujana | Holandia | Surinam | Trynidad i Tobago | Wenezuela
98%
Chiny | Indie | Nepal | Pakistan
98%
Stany Zjednoczone
98%
Algieria | Maroko | Portugalia | Hiszpania | Tunezja
97%
Australia
97%
Australia | Francja | Vanuatu
97%
Australia | Indonezja | Palau | Papua Nowa Gwinea
97%
Australia | Nowa Zelandia
97%
Australia | Papua Nowa Gwinea | Wyspy Salomona
97%
Australia | Timor Wschodni | Indonezja
97%
Belgia | Francja | Niemcy | Luksemburg | Holandia | Portugalia | Hiszpania
97%
Boliwia | Brazylia
97%
Brazylia
97%
Chiny
97%
Chiny | Kazachstan | Kirgistan
97%
Chiny | Korea Północna | Korea Południowa
97%
Dania | Niemcy | Irlandia | Holandia | Norwegia | Wielka Brytania
97%
Egipt | Iran | Irak | Izrael | Jordania | Kuwejt | Liban | Arabia Saudyjska | Sudan | Syria | Turcja
97%
Kambodża | Chiny | Laos | Filipiny | Tajwan | Tajlandia | Wietnam
97%
Kanada | Dania
97%
Albania | Bułgaria | Cypr | Egipt | Grecja | Libia | Malta | Macedonia Północna | Serbia | Syria | Tunezja | Turcja
96%
Algieria | Mauretania | Maroko | Hiszpania
96%
Botswana | Madagaskar | Mozambik | Namibia | Republika Południowej Afryki | Zambia | Zimbabwe
96%
Eswatini | Madagaskar | Mozambik | Republika Południowej Afryki
96%
Kanada
96%
Algieria | Benin | Burkina Faso | Ghana | Gwinea | Wybrzeże Kości Słoniowej | Mali | Mauretania | Niger | Nigeria | Senegal | Togo
95%
Algieria | Czad | Libia | Mali | Niger | Nigeria | Tunezja
95%
Argentyna | Chile
95%
Argentyna | Chile | Urugwaj
95%
Botswana | Lesotho | Namibia | Republika Południowej Afryki
95%
Egipt | Libia | Sudan | Tunezja
95%
Kamerun | Republika Środkowoafrykańska | Czad | Demokratyczna Republika Konga | Gwinea Równikowa | Gabon | Nigeria | Kongo | Sudan Południowy | Sudan
95%
Komory | Demokratyczna Republika Konga | France | Madagaskar | Malawi | Mozambik | Tanzania | Zambia | Zimbabwe
95%
Namibia | Republika Południowej Afryki
95%
Republika Południowej Afryki
95%
Algieria | Mali | Mauretania | Maroko | Tunezja
94%
Brunei | Kambodża | Indonezja | Malezja | Palau | Filipiny | Wietnam
94%
Burundi | Demokratyczna Republika Konga | Erytrea | Etiopia | Kenia | Rwanda | Sudan Południowy | Sudan | Tanzania | Uganda
94%
Burundi | Demokratyczna Republika Konga | Etiopia | Kenia | Somalia | Tanzania
94%
Kamerun | Republika Środkowoafrykańska | Czad | Erytrea | Libia | Niger | Nigeria | Sudan Południowy | Sudan
94%
Angola | Botswana | Demokratyczna Republika Konga | Namibia | Zambia | Zimbabwe
93%
Bahrajn | Iran | Oman | Pakistan | Katar | Arabia Saudyjska | Zjednoczone Emiraty Arabskie | Jemen
92%
Francja | Madagaskar | Mauritius
92%
Kambodża | Indonezja | Malezja | Mjanma | Tajlandia | Wietnam
92%
Indie | Malediwy
91%
Indonezja | Sri Lanka
91%
Dania | Islandia
90%
Dżibuti | Erytrea | Etiopia | Arabia Saudyjska | Somalia | Jemen
90%
Indonezja | Malezja | Singapur
90%
Japonia
90%
Timor Wschodni | Indonezja | Palau
90%
Angola | Demokratyczna Republika Konga | Gabon | Kongo
89%
Benin | Kamerun | Gwinea Równikowa | Gabon | Ghana | Wybrzeże Kości Słoniowej | Nigeria | Wyspy Świętego Tomasza i Książęca | Togo
89%
Afganistan | Iran | Irak | Pakistan | Syria | Turcja
88%
Indie | Pakistan
88%
Kolumbia | Kostaryka | Holandia | Nikaragua | Panama | Wenezuela
88%
Indonezja
87%
Irlandia | Wielka Brytania
87%
Madagaskar | Seszele
86%
Meksyk
86%
Dania
84%
Islandia
83%
Gambia | Gwinea | Gwinea Bissau | Wybrzeże Kości Słoniowej | Liberia | Mauretania | Senegal | Sierra Leone
82%
Mikronezja | Kiribati | Wyspy Marshalla | Nauru
78%
Mikronezja | Palau | Papua Nowa Gwinea
76%
Antigua i Barbuda | Dominika | Francja | Saint Kitts i Nevis
75%
Kiribati | Nauru | Samoa | Tuvalu
75%
Barbados | Francja | Saint Lucia | Saint Vincent i Grenadyny
73%
Mikronezja | Palau
71%
Nowa Zelandia
70%
Fidżi | Samoa | Tonga | Tuvalu
69%
Kostaryka | Nikaragua
65%
Malediwy
63%
Mikronezja
62%
Kiribati
59%
Wielka Brytania
58%
Wyspy Salomona | Vanuatu
56%
Palau
53%
Wyspy Marshalla
44%
Republika Zielonego Przylądka
41%
Portugalia
34%
Ekwador
17%
Nie znaleziono quizów pasujących do podanych kryteriów
Rozkład punktacji
Procent ludzi z każdym wynikiem
Percentyl według liczby udzielonych odpowiedzi
Twoja historia wyników
Nie rozwiązałeś tego quizu